00917nam a2200193 i 450000100060000000300090000600500170001500700030003200800410003510000400007624501250011626000570024130000200029850501950031865000330051385200360054699900170058295201240059962394ES-MaACL20230906164647.0t|031120s1945 sp ||||1| spa d1 aFenech, Miguel (d1912-1987)94924410aCurso elemental de derecho procesal penal b: desarrollo sistemático del derecho positivo español / cMiguel Fenech. aBarcelona : bBosch, c1945 (fGraf. Administrativa) a3 v. ; c26 cm.8 aContiene: V. I: Conceptos fundamentales, sujetos y objeto del proceso penal. -- V. II: Actos del proceso penal. -- V. III: Procedimientos, casación y revisión : efectos del proceso penal 4aProcedimiento penal.9136769 aES-MaACLjB-10700-702 bR.22198 c62394d62394 00104070aATENEOMbATENEOMcSPBd2008-01-17eSCl0oB-10700-702p1065411r2023-02-23 00:00:00w2023-02-23yMONOGRAFIA